000 01363nam a22002777a 4500
001 EPSA 0285
003 gtcocun
005 20250917184440.0
006 a||||gr|||| 00| 0
007 ta
008 250917b2024 gt ||||| m||| 00| 0 eng d
040 _agtcocun
_bSPA
_cgtcocun
_eRDA
041 _aSPA EPSA 0285
084 _0EPSA 0285
100 _aDaisy Anabela Caal Cabnal
_eAutor
245 _aINFORME FINAL DEL EJERCICIO PROFESIONAL SUPERVISADO, REALIZADO EN AGROMAYOREO DEL NORTE, S.A. DE COBÁN, ALTA VERAPAZ/
_cDaisy Anabela Caal Cabnal.
_hImpreso
264 _aCobán, Alta Verapaz:
_bUniversidad de San Carlos de Guatemala, Centro Universitario del Norte, Licenciatura en Administración de Empresas
_c2024
300 _a46 p.:
_bIlustraciones, gráficas.
_c28 cm;
502 _eEPSA 0285
502 _aEjercicio Profesional Supervisado
_bLicenciatura en Administración de Empresas,
_cUniversidad de San Carlos de Guatemala, Centro Universitario del Norte, Licenciatura en Administración de Empresas
_d2024
_oEPSA 0285
650 _2LEMB
_aCobán, Alta Verapaz
_xAdministración
_xManual
_xPlan
_xSeguridad
_xAnálisis
_xGestión
_xEstrategia
700 _aLcda. Jessica Marbella Yalibat López
_eAsesor
856 _uSin archivo en línea
_z en línea.
942 _2ddc
_cTES
_iEPSA 0285
_kClasificación
_n0
_6EPSA_0285_000000000000000
999 _c1902
_d1902